00449nam a2200133 a 4500008004100000050001600041110004700057245008000104260003700184300001800221350000900239650002700248650004000275081119s1969 ||||||||||||||||| || u aGOV.ZAM(02) aGovernment of the Republic of Zambia (GRZ)10aZambian manpowercBy the Development Division. Office of the Vice-President aLusakabGovernment Printerc1969 avi, 122p:ill. a0.00 aLABOR SUPPLY -- ZAMBIA aHUMAN RESOURCES DEVELOPMENT--ZAMBIA